000 01197nam a22002537a 4500
005 20170124103123.0
010 _aB-202084
020 _c195.00
_a8183610277
035 _aB-202084
037 _bCen Lib/Ret
040 _aDPL
_bHN
082 _a355.0092
_bवाजपे
100 _aवाजपेयी, ब्रिगेडियर अरुण
_982481
245 _aपाकिस्तान में युद्धकैद के वे दिन /
_cब्रिगेडियर अरुण वाजपेयी
246 _aPakistan me yudhkaid ke ve din /
_bby Brigadier Arun Vajpayee
260 _bराधाकृष्ण प्रकाशन
_aनई दिल्ली
_c2005
270 _bनई दिल्ली
_a7/31, अंसारी रोड, दरियागंज
_e110002
300 _ax,170पृ.
_c20सेमी(सजिल्द)
650 _aपाकिस्तानी सेना
_92462
650 _aपाकिस्तानी -- युद्ध कैदी
_982482
650 _aPakistani army
_982483
650 _aPakistan - war prisoner
_982484
942 _2ddc
_cHN
_h355.0092
_mवाजपे
999 _c118912
_d118912